000
00277nam a2200121Ia 4500
008
190216s9999||||xx |||||||||||||| ||und||
100
_a
Charlotte Bronte
245
0
_a
Jane Eyre
260
_b
The Modern Library
_c
1950
300
_a
494
650
_a
English Novel
942
_c
BK
999
_c
13348
_d
13348